Water supply and wastewater/ (Record no. 547937)

000 -LEADER
fixed length control field 00448nam a22001577a 4500
020 ## - INTERNATIONAL STANDARD BOOK NUMBER
International Standard Book Number 81-7684-408-X
082 ## - DEWEY DECIMAL CLASSIFICATION NUMBER
Classification number 628.1
Author Mark MHA
-- L-38, P--102
100 ## - MAIN ENTRY--PERSONAL NAME
Personal name Mahajan, Sanjay
9 (RLIN) 44109
245 ## - TITLE STATEMENT
Title Water supply and wastewater/
Statement of responsibility, etc. Mahajan, Sanjay
250 ## - EDITION STATEMENT
Edition statement 1st volume
260 ## - PUBLICATION, DISTRIBUTION, ETC.
Place of publication, distribution, etc. Jallandhar City;
Name of publisher, distributor, etc. Sumitra Handa.
Date of publication, distribution, etc. 2007.
300 ## - PHYSICAL DESCRIPTION
Extent 512p.:
Other physical details ill,;
Dimensions 10 cm.
526 ## - STUDY PROGRAM INFORMATION NOTE
Program name 0
Interest level 0
Reading level 0
Title point value 628_100000000000000_MHA
650 ## - SUBJECT ADDED ENTRY--TOPICAL TERM
Topical term or geographic name entry element MCE
9 (RLIN) 379
942 ## - ADDED ENTRY ELEMENTS (KOHA)
Source of classification or shelving scheme
Koha item type Book
Holdings
Withdrawn status Lost status Source of classification or shelving scheme Damaged status Not for loan Permanent Location Current Location Date acquired Total Checkouts Full call number Barcode Date last seen Price effective from Koha item type
          Military College of Engineering (MCE) Military College of Engineering (MCE) 08/12/2014   628.1 MHA MCE-39291 08/12/2014 08/12/2014 Book
© 2023 Central Library, National University of Sciences and Technology. All Rights Reserved.